00321nam a2200133Ia 4500008004100000041000800041082001200049100001800061245001400079250001400093260003800107300003300145365000900178240624s9999 xx 000 0 und d aeng a330 TAY aTAYLOR JOHN B aECONOMICS a(6th ed.) c2010aAustraliabCengage Learning axliii, : 833 : p. : cm. ; 25 cb25